01982nam a2200337 a 45000010005000000030008000050050017000130080041000300350018000710400026000890410008001150820024001231000028001472450067001752500011002422600045002533000016002985040019003145050127003336500029004606500036004899420012005259990015005379520150005529520153007029520159008559520157010149520159011719520157013309520157014875259BD-RjUL20211208234034.0170504s1963 un de||| |||| 001 0 eng d a(BD-RjUL)5295 aBD-RjULbengcBD-RjUL aeng04a543.8bWES 19632231 aWelcher, Frank J916537 aStandard Methods of Chemical Analysis /cFrank Johnson Welcher a6th ed aNew York :bVan Nostrand Com. ,c1963-66 av. ;c21cm. aIncludes Index0 aVol. 2. pt. A. Industrial and natural products and noninstrumental methods -- v. 3. Instrumental methods.pt. A.-- pt. B.--07aChemical analysis91653807a Chemistry, Analytic. 9211638 2ddccBK c5259d5259 00102ddc40708NFICaRUCLbRUCLcStackd1968-04-16eSweets ana Zeit.g1096.00l0o543.8 WES V-2 1963r2013-12-24 00:00:00tC-2w2021-12-08yBK 00102ddc40718NFICaRUCLbRUCLcReadingd1966-09-03eLahore, Mirza Bookg125.00l0o543.8 WES V-2 1963r2017-04-15 00:00:00tC-1w2021-12-08yBK 00102ddc40718NFICaRUCLbRUCLcReadingd1968-04-16eSweets & Zeitlingerg1096.00l0o543.8 WES V-3 Pt-B 1966r2017-05-13 00:00:00tC-1w2017-05-13yBK 00102ddc40708NFICaRUCLbRUCLcStackd1968-04-16eSweets & Zeitlingerg1096.00l0o543.8 WES V-3 Pt-B 1966r2017-05-13 00:00:00tC-2w2017-05-13yBK 00102ddc40718NFICaRUCLbRUCLcReadingd1968-04-12eSweets & Zeitlingerg1096.00l0o543.8 WES V-3 Pt-A 1966r2017-05-13 00:00:00tC-1w2021-12-08yBK 00102ddc40718NFICaRUCLbRUCLcStackd1968-04-16eSweets & Zeitlingerg1096.00l0o543.8 WES V-2 Pt-A 1963r2017-05-13 00:00:00tC-1w2021-12-08yBK 00102ddc40708NFICaRUCLbRUCLcStackd1968-04-12eSweets & Zeitlingerg1096.00l0o543.8 WES V-3 Pt-A 1966r2017-05-13 00:00:00tC-2w2017-05-13yBK